Responses for Show #5888 - Wednesday, March 31, 2010

Contestants

[<< previous game]

Matt Drury, a government analyst from New York, New York

Pat Garahan, an inventor from Coronado, California

Stacy Braverman, a public interest lawyer from Washington, D.C. (whose 1-day cash winnings total $14,984)

[next game >>]

Jeopardy! Round responses

A TOMB WITH A VIEW
THE INCREDIBLE HULKS
SNACKS ON A PLANE
MYTHING IN ACTION
SCHOOLS OF ROCK
SWEET WORD OF YOUTH
    $200 2
St. Peter's Cathedral

Pat
    $200 6
sumo wrestling

Stacy
    $200 7
Air France

Pat
    $200 20
Japan

Matt
    $200 16
Little Rock

Stacy
    $200 1
callow

Pat
    $400 3
the Taj Mahal

Pat
    $400 12
Andre the Giant

Matt
    $400 8
peanuts

Stacy
    $400 21
New Zealand

Matt
    $400 18
(Stacy: What are mines?)

the Rockies

Stacy
Triple Stumper
    $400 17
the Children

Matt
    $1,000 4
Grant's Tomb

Pat
    $600 13
George Foreman

Pat
    $600 9
American Airlines

Matt
    $600 24
Troy

Pat
    $600 19
Rockefeller

Matt
    $600 22
unseasoned

Stacy
    $800 5
pantheon

Matt
    $800 14
"The Refrigerator"

Matt
    $800 10
Jelly Belly

Matt
    $800 29
Excalibur

Matt
    $800 26
the Jesuits

Stacy
    $800 23
Junior

Pat
    $1000 25
mausoleum

Matt
    $1000 15
John Daly

Matt
    $1000 11
Delta

Matt
    $1000 30
(Pat: What's the... cadeus? Cajeus?)
(Matt: What is the cadayus?)

the caduceus

PatMatt
Triple Stumper
    $1000 28
Illinois

Pat
    $1000 27
a bird

Stacy

Scores at the first commercial break (after clue 15):

Stacy Pat Matt
$600 $2,600 $5,400

Scores at the end of the Jeopardy! Round:

Stacy Pat Matt
$2,800 $4,000 $7,800

Double Jeopardy! Round responses

THE MAN WHO WOULDN'T BE KING
BOB MARLEY & ME
SOUTH SPECIFIC
THERE MIGHT BE BLOOD
WHERE BEAGLES DARE
THE "EX" FILES
    $400 7
Westminster Abbey

Pat
    $400 9
Jamaica

Stacy
    $400 22
Tennessee Williams

Matt
    $400 4
the mosquito

Stacy
    $400 17
Los Angeles

Stacy
    $400 1
extinct

Matt
    $800 8
Parliament

Stacy
    $800 10
Bono

Stacy
    $800 23
Confederate Widow

Stacy
    $800 26
a bedbug

Pat
    $800 18
North Carolina

Matt
    $800 2
extra-virgin

Pat
    $1200 13
Charles I & Charles II

Pat
    $1200 11
the Apollo

Matt
    $1200 24
(Pat: Who's Dave Barry?)

Carl Hiaasen

PatMatt
    $1200 28
fleas

Matt
    $1200 19
Oxford

Pat
    $1200 3
excise

Matt
    $1600 14
Lord Protector

Pat
    $1600 12
the Wailers

Pat
    $2,000 25
William Styron

Matt
    $1600 29
leeches

Matt
    $1600 20
Madison Square Garden

Matt
    $1600 5
the Exchequer

Pat
    $2000 15
Roundheads

Stacy
    $2,500 16
(Stacy: Who is Napoléon?)
(Alex: No, it was the Ethiopian emperor [*].)

Haile Selassie

Stacy
    $2000 27
The Heart Is a Lonely Hunter

Matt
    $2000 30
the horse-fly

Stacy
    $2000 21
LBJ

Matt
    $2000 6
the extensors

Pat

Scores at the end of the Double Jeopardy! Round:

Stacy Pat Matt
$7,900 $14,000 $23,400

[wagering suggestions for these scores]

Final Jeopardy! Round responses

INTO AFRICA
StacyWhat is the source of the Nile?
$1,502
PatWhat is Lake Victoria?
$6,000
MattWhat is Alexandria?
$4,601
the source of the Nile

Final scores:

Stacy Pat Matt
$9,402 $8,000 $18,799
2nd place: $2,000 3rd place: $1,000 New champion: $18,799

Game dynamics:

Coryat scores:

Stacy Pat Matt
$10,400 $13,600 $23,000
14 R,
2 W
(including 1 DD)
18 R
(including 1 DD),
2 W
25 R
(including 1 DD),
1 W

Combined Coryat: $47,000

[game clues] [game scores] [suggest correction]

Game tape date: 2010-01-13
The J! Archive is created by fans, for fans. Scraping, republication, monetization, and malicious use prohibited; this site may use cookies and collect identifying information. See terms. The Jeopardy! game show and all elements thereof, including but not limited to copyright and trademark thereto, are the property of Jeopardy Productions, Inc. and are protected under law. This website is not affiliated with, sponsored by, or operated by Jeopardy Productions, Inc. Join the discussion at JBoard.tv.